Agriculture in some of its relations with chemistry /

Bibliographic Details
Main Author: Storer, Frank H. (Frank Humphreys), 1832-1914
Format: Book
Language:English
Published: New York : C. Scribner's Sons, 1892.
Edition:4th ed.
Subjects:

MARC

Tag First Indicator Second Indicator Subfields
LEADER 00000cam a2200000 4500
001 in00000726721
005 20151016065525.0
008 800617s1892 nyu 00010 eng
010 |a  04023155  
035 |a (OCoLC)06430625 
035 |9 ADE1188AM 
040 |a DLC  |c TXA  |d UtOrBLW 
049 |a TXAM  |v 2 [44998] 
050 0 |a S493  |b .S89 
092 |a 631.4  |b S884a4 
100 1 |a Storer, Frank H.  |q (Frank Humphreys),  |d 1832-1914. 
245 1 0 |a Agriculture in some of its relations with chemistry /  |c by F. H. Storer ... 
250 |a 4th ed. 
264 1 |a New York :  |b C. Scribner's Sons,  |c 1892. 
300 |a 2 volumes ;  |c 21 cm. 
336 |a text  |b txt  |2 rdacontent 
337 |a unmediated  |b n  |2 rdamedia 
338 |a volume  |b nc  |2 rdacarrier 
650 0 |a Agricultural chemistry. 
999 |a MARS 
999 f f |s 5ead2c32-1886-3760-b9d0-7a36ed77357c  |i ff4f5e60-d331-30ce-ae3f-5adc8641bc94  |t 0 
952 f f |p ric  |a Texas A&M University  |b Rellis Campus  |c Joint Library Facility  |d Remote Storage  |t 0  |e S493 .S89  |h Library of Congress classification  |i unmediated -- volume  |k v.2  |m A14801064826 
998 f f |a S493 .S89  |s v.2  |t 0  |l Remote Storage